000 00576nam a2200193 a 4500
005 20210219152828.0
008 991125n 000 0 spa u
035 _aUPN01000062537
222 _aCOMUNICACION EDUCATIVA SEP
245 _aAcciones concretas del memorándum México-E.U.
260 _aMéxico
300 _a3,18
362 0 _a1991 Año 8, no. 97-98, nov.-dic.
653 0 _aCOLEGIO NACIONAL DE EDUCACION PROFESIONAL TECNICA (MEXICO)
653 0 _aCONVENIOS EDUCATIVOS
653 0 _aESTADOS UNIDOS DE AMERICA
904 _aAC
_b000348
905 _aArticulo
999 _c61778
_d61778